• 首页
  • 本馆介绍
  • 公告通知
  • 最新文献
  • 馆藏检索
  • 电子资源
  • 读者导购
  • 参考咨询
  • 我的图书馆
  • 登录
  • 详细信息显示
  • 放入我的书架
  • 预约/预借图书
  • 作者相关作品
  • 分类相关作品
  • 丛书相关作品
  • 出版社相关作品

书目信息

  • 表格格式
  • 工作单格式
  • 卡片格式
题名:
军事法学导论
    
 
作者: 孙君 , 龚耘 主编
分册:  
出版信息: 武汉   华中科技大学出版社  2014
页数: 10,302页
开本: 24cm
丛书名:
单 册:
中图分类: E266
科图分类:
主题词: 军法--Jun Fa--法学--中国--高等学校--教材
电子资源:
ISBN: 978-7-5609-9383-6
000 00922nam0 22002531 450
001 350270
005 20161009083428.46
010    @a978-7-5609-9383-6@dCNY39.80
100    @a20140325d2014 em y0chiy50 ea
101 0  @achi
102    @aCN@b420000
105    @ay z 000yy
106    @ar
200 1  @a军事法学导论@AJun Shi Fa Xue Dao Lun@f孙君,龚耘主编
210    @a武汉@c华中科技大学出版社@d2014
215    @a10,302页@d24cm
300    @a全国高等学校法学系列教材
330    @a本书分三编十八章,内容包括:军事法的概念、军事法的历史发展、军事法的基本原则、军事法的体系结构、军事法的创制实施、军事组织法律制度、兵役法律制度、国防教育法律制度、国防经济法律制度、国防科技法律制度等。
606 0  @a军法@AJun Fa@x法学@y中国@x高等学校@j教材
690    @aE266@v5
701  0 @a孙君@ASun Jun@c(军事)@4主编
701  0 @a龚耘@AGong Yun@f(1965~)@4主编
801  0 @aCN@bTANGWEI@c20160803
905    @b0889185-9@dE266@e13@f5
    
    军事法学导论/孙君,龚耘主编.-武汉:华中科技大学出版社,2014
    10,302页;24cm
    全国高等学校法学系列教材
    
    ISBN 978-7-5609-9383-6:CNY39.80
    本书分三编十八章,内容包括:军事法的概念、军事法的历史发展、军事法的基本原则、军事法的体系结构、军事法的创制实施、军事组织法律制度、兵役法律制度、国防教育法律制度、国防经济法律制度、国防科技法律制度等。
●
相关链接 在E读中查询图书 在五车中查询图书 在当当中查询图书 在豆瓣中查询图书


正题名:军事法学导论     索取号:E266/13         预约/预借

序号 登录号 条形码 馆藏地/架位号 状态 备注
1 0889185   208891859   第一样本阅览室/ [索取号:E266/13] 在馆    
2 0889186   208891868   密集书库-史法系/ [索取号:E266/13] 在馆    
3 0889187   208891877   第一借阅区/ [索取号:E266/13] 在馆    
4 0889188   208891886   第一借阅区/ [索取号:E266/13] 在馆    
5 0889189   208891895   第一借阅区/ [索取号:E266/13] 在馆    
唐山师范学院图书馆 欢迎您!
大连网信软件有限公司© 版权所有